| 000 | 01062nam a2200229 i 4500 | ||
|---|---|---|---|
| 001 | 181767 | ||
| 003 | ES-MaACL | ||
| 005 | 20251011063159.0 | ||
| 008 | 130325s1925 sp | |||| ||spa d | ||
| 080 | _a904:625.711.1(37:460) | ||
| 100 | 1 |
_aBlázquez, Antonio, _d1859-1950 _929437 |
|
| 245 | 1 | 0 |
_aExploraciones en las vías romanas de Bergido a Asturica, y de Cataluña, Valencia y Jaén _b: memoria / _credactada por Antonio Blázquez y Delgado-Aguilera y Ángel Blázquez y Jiménez. |
| 260 |
_aMadrid : _b[s.n.], _c1925 ( _fTip. de la "Rev. deArchivos, Bibliotecas y museos") |
||
| 300 |
_a19 p., VI lám. ; _c24 cm. |
||
| 490 | 1 |
_aJunta Superior de Excavaciones y Antigüedades ; _vn. 69 = n. 9, 1923-24 |
|
| 650 | 0 | 4 |
_aVías romanas- _zEspaña. _917785 |
| 700 | 1 |
_aBlázquez y Jiménez, Angel. _9152479 |
|
| 710 | 2 |
_aEspaña. _bJunta Superior de Excavaciones y Antigüedades. _9152463 |
|
| 830 | 0 |
_aJunta Superior de Excavaciones y Antigüedades ; _vn. 69 = n. 9, 1923-24 _9191570 |
|
| 852 |
_aES-MaACL _jE-3373(9) |
||
| 999 |
_c181767 _d181767 |
||